[Event "It"]
[Site "Rishon le Zion ISR"]
[Date "2004.03.24"]
[Round "5"]
[White "Bykhovsky,Av"]
[Black "Pliskine,V"]
[Result "1-0"]
[WhiteElo "2439"]
[BlackElo "2212"]

1.d4 Nf6 2.c4 e6 3.Nf3 b6 4.Nc3 Bb4 5.Bg5 Bb7 6.Qc2 O-O 7.e3 d6 8.Nd2 h6
9.Bh4 Nbd7 10.f3 c5 11.a3 Bxc3 12.bxc3 Re8 13.Bd3 Qc7 14.O-O Qc6 15.a4 cxd4
16.cxd4 Rac8 17.Rfc1 Kh8 18.Qb2 Qc7 19.a5 bxa5 20.Qa3 a6 21.Qxa5 Qxa5 22.Rxa5 Rc6
23.Rb1 Rb6 24.Rxb6 Nxb6 25.Bg3 Rd8 26.Ra3 Bc8 27.c5 Nbd5 28.e4 Nb4 29.Bxd6 Ne8
30.e5 Nxd3 31.Rxd3 Bd7 32.Nb3 Rc8 33.Rc3 Bb5 34.Na5 Nc7 35.Bxc7 Rxc7 36.c6 Kg8
37.Kf2 Kf8 38.Ke3 Ke7 39.g4 f6 40.f4 g6 41.exf6+ Kxf6 42.Ke4 Ke7 43.Ke5 Rc8
44.d5 exd5 45.Kxd5 Rf8 46.Ke5 Kd8 47.Nb7+ Kc7 48.Nc5 Re8+ 49.Ne6+ Kb6 50.Kd6 a5
51.f5 gxf5 52.gxf5 a4 53.f6  1-0

[Event "IV Open"]
[Site "Dos Hermanas ESP"]
[Date "2004.03.28"]
[Round "4"]
[White "Borovikov,V"]
[Black "Del Rio Angelis,S"]
[Result "1-0"]
[WhiteElo "2578"]
[BlackElo "2504"]

1.d4 Nf6 2.Nf3 e6 3.c4 b6 4.Nc3 Bb7 5.a3 d5 6.cxd5 Nxd5 7.Bd2 Be7 8.Qc2 O-O
9.e4 Nxc3 10.Bxc3 c5 11.dxc5 Nd7 12.c6 Bxc6 13.Bxg7 Nc5 14.Bxf8 Qxf8 15.Be2 Bxe4
16.Qc3 Qh6 17.Qe3 Qxe3 18.fxe3 Bf6 19.Nd4 Bxd4 20.exd4 Nb3 21.Rd1 Bc2 22.Rd2 Nxd2
23.Kxd2 Be4 24.Rc1 Bb7 25.g4 Rc8 26.Rxc8+ Bxc8 27.g5 f6 28.h4 Kg7 29.Ke3 Bb7
30.Bc4 Bc8 31.Be2 Bb7 32.Bf3 Bd5 33.Bxd5 exd5 34.Kf4 Kg6 35.a4 a5 36.b3 fxg5+
37.hxg5 Kh5 38.Ke5 Kxg5 39.Kxd5 h5 40.Ke6 h4 41.d5 h3 42.d6 h2 43.d7 h1=Q
44.d8=Q+ Kg4 45.Qd4+ Kg3 46.Qd5 Qh3+ 47.Kd6 Qc8 48.Qd3+ Kf2 49.Qd4+ Ke2 50.Qxb6 Qa8
51.Kc5 Kf1 52.Qb5+ Kg1 53.Kb6 Kh2 54.Qc6  1-0

[Event "IV Open"]
[Site "Dos Hermanas ESP"]
[Date "2004.03.30"]
[Round "6"]
[White "Borovikov,V"]
[Black "Pogorelov,R"]
[Result "1/2-1/2"]
[WhiteElo "2578"]
[BlackElo "2451"]

1.d4 Nf6 2.Nf3 e6 3.c4 b6 4.Nc3 Bb4 5.Bg5 h6 6.Bh4 Bb7 7.Nd2 Bxc3 8.bxc3 g5
9.Bg3 d6 10.f3 Nbd7 11.h4 Nh5 12.Bf2 g4 13.fxg4 Nhf6 14.e3 Rg8 15.Be2 Bxg2
16.Rg1 Bb7 17.Bf3 d5 18.Qc2 Qe7 19.g5 hxg5 20.hxg5 Ne4 21.Nxe4 dxe4 22.Bxe4 O-O-O
23.Bxb7+ Kxb7 24.O-O-O Qd6 25.Qe4+ Qc6 26.Qxc6+ Kxc6 27.e4 e5 28.Be3 Rde8
29.d5+ Kd6 30.Rdf1 Ke7 31.Rh1 Rh8 32.Kc2 Reg8 33.Kd3 Rxh1 34.Rxh1 f6 35.c5 bxc5
36.gxf6+ Nxf6 37.Bxc5+ Kd7 38.Rh4 Rg3+ 39.Kc4 a6 40.a4 Rf3 41.a5 Rg3 42.Kb4 Rf3
43.Kc4 Rg3 44.Bf2 Rf3 45.Bg1 Rg3 46.Bf2 Rf3 47.Ba7 Rg3 48.Kb4 Rg4 49.Rxg4 Nxg4
50.Kc4 Nf6 51.Kd3 c6 52.c4 cxd5 53.cxd5 Kd6 54.Kc4 Nxe4 55.Bb8+ Kd7 56.Bxe5 Kc8
57.Kd4 Nd2 58.Kc5 Kb7 59.Kd6 Nc4+ 60.Ke6 Nxa5 61.d6 Nc6 62.d7 a5 63.Bd6 a4
64.Kd5 Nd8 65.Be7  1/2-1/2

[Event "FSGM April"]
[Site "Budapest HUN"]
[Date "2004.04.04"]
[Round "2"]
[White "Paschall,W"]
[Black "Nguyen Ngoc Truongson"]
[Result "1/2-1/2"]
[WhiteElo "2401"]
[BlackElo "2436"]

1.d4 Nf6 2.c4 e6 3.Nf3 b6 4.Nc3 Bb4 5.e3 Bb7 6.Bd3 O-O 7.O-O Bxc3 8.bxc3 d6
9.Nd2 c5 10.e4 cxd4 11.cxd4 e5 12.f4 Nbd7 13.Ba3 exd4 14.Bxd6 Nc5 15.Bxf8 Nxd3
16.Ba3 Nxe4 17.Nb3 Ndc5 18.Qxd4 Qxd4+ 19.Nxd4 Na4 20.Nb5 h5 21.Rfd1 Bc6 22.Be7 Bxb5
23.cxb5 Nac3 24.Rd8+ Rxd8 25.Bxd8 Nxb5 26.Kf1 Nbc3 27.f5 f6 28.Bc7 Kf7 29.Re1 g6
30.fxg6+ Kxg6 31.Bb8 a6 32.Bc7 Nd2+ 33.Kf2 Nd5 34.Re2 Nc4 35.Bd8 Kf7 36.Re4 Ne5
37.Rd4 Ke6 38.Rxd5 Kxd5 39.Bxb6  1/2-1/2

[Event "10th Schloss Open"]
[Site "Werther GER"]
[Date "2004.04.04"]
[Round "4"]
[White "Svetushkin,D"]
[Black "Baklan,V"]
[Result "1/2-1/2"]
[WhiteElo "2553"]
[BlackElo "2606"]

1.d4 e6 2.c4 Nf6 3.Nf3 b6 4.Nc3 Bb4 5.Bg5 Bb7 6.Nd2 h6 7.Bh4 Nc6 8.e3 Ne7
9.f3 Ng6 10.Bf2 c5 11.a3 cxd4 12.axb4 dxc3 13.bxc3 O-O 14.Be2 d5 15.O-O Ne5
16.Ra3 a5 17.Qa1 dxc4 18.Nxc4 Nxc4 19.Bxc4 Qc7 20.Be2 axb4 21.cxb4 Nd5 22.Rxa8 Rxa8
23.Qd4 Nc3 24.Bc4 Rc8 25.Qxc3 Qxc4 26.Qd2 Ba6 27.Ra1  1/2-1/2

[Event "10th Schloss Open"]
[Site "Werther GER"]
[Date "2004.04.04"]
[Round "5"]
[White "Svetushkin,D"]
[Black "Gelashvili,T"]
[Result "1/2-1/2"]
[WhiteElo "2553"]
[BlackElo "2535"]

1.d4 Nf6 2.c4 e6 3.Nf3 b6 4.Nc3 Bb4 5.Bg5 Bb7 6.Nd2 h6 7.Bh4 c5 8.a3 Bxc3
9.bxc3 d6 10.f3 Nc6 11.Bf2 Qe7 12.e4 e5 13.d5 Na5 14.Bd3 Bc8 15.O-O g5 16.Re1 Kd8
17.Nf1 Kc7 18.Ne3 Bd7 19.Nf5 Qf8 20.Rb1 Ng8 21.g3 Ne7 22.Re2 Nxf5 23.exf5 f6
24.Be3  1/2-1/2

[Event "8th Neckar Open"]
[Site "Deizisau GER"]
[Date "2004.04.10"]
[Round "5"]
[White "Reich,T"]
[Black "Naiditsch,A"]
[Result "0-1"]
[WhiteElo "2408"]
[BlackElo "2576"]

1.d4 Nf6 2.c4 e6 3.Nf3 b6 4.Nc3 Bb4 5.Bd2 Bb7 6.e3 O-O 7.Bd3 d5 8.O-O dxc4
9.Bxc4 Nbd7 10.a3 Bd6 11.Qe2 c5 12.Ba6 Bxa6 13.Qxa6 cxd4 14.exd4 Qc8 15.Qd3 Qb7
16.Rac1 Rac8 17.Rc2 Rfd8 18.Qe2 Nd5 19.Rfc1 Nf4 20.Bxf4 Bxf4 21.Re1 Nf6 22.Qd3 g6
23.Ree2 Bh6 24.g3 a6 25.Kg2 Bg7 26.h4 b5 27.Nb1 Rxc2 28.Rxc2 e5 29.Qc3 exd4
30.Qc6 Qxc6 31.Rxc6 Ne4 32.Nfd2 Nxd2 33.Nxd2 d3 34.b4 Bb2 35.Kf3 Bxa3 36.Rxa6 Bxb4
37.Ra2 Kg7  0-1

[Event "8th Neckar Open"]
[Site "Deizisau GER"]
[Date "2004.04.11"]
[Round "7"]
[White "Reich,T"]
[Black "Gelashvili,T"]
[Result "0-1"]
[WhiteElo "2408"]
[BlackElo "2535"]

1.d4 Nf6 2.c4 e6 3.Nf3 b6 4.Nc3 Bb4 5.Bd2 Bb7 6.e3 O-O 7.Bd3 Bxc3 8.Bxc3 Ne4
9.Bxe4 Bxe4 10.d5 f6 11.Nd2 Bg6 12.Qg4 Na6 13.h4 Nc5 14.h5 Bf5 15.Qf3 h6
16.e4 Bh7 17.O-O Qe7 18.Rfe1 f5 19.dxe6 fxe4 20.Qg3 dxe6 21.Re3 a5 22.Rae1 Rad8
23.f3 Nd3 24.Rf1 Nf4 25.Nxe4 Nxh5 26.Qg4 Qf7 27.c5 Rd5 28.cxb6 cxb6 29.f4 Bf5
30.Qh4 b5 31.Kh2 b4 32.Be5 Bxe4 33.Rxe4 Qg6 34.Re3 Rd2 35.Qh3 Rc8 36.a3 Rcc2
37.Rg1 Rf2 38.axb4 axb4 39.Rf3 Rxf3 40.Qxf3 Nf6 41.Bxf6 Qxf6 42.Qa8+ Kf7
43.Qb7+ Qe7 44.Qxe7+ Kxe7 45.Re1 Kf6 46.b3 Rc3 47.Re5 Rxb3 48.Rb5 Rb1 49.g4 b3
50.Kg2 b2 51.Rb6 Ke7 52.f5 e5  0-1

[Event "7th St Quentin Open"]
[Site "Elancourt FRA"]
[Date "2004.04.19"]
[Round "2"]
[White "Malakhatko,V"]
[Black "Plantet,M"]
[Result "1-0"]
[WhiteElo "2540"]
[BlackElo "2077"]

1.d4 Nf6 2.c4 e6 3.Nf3 b6 4.Nc3 Bb4 5.Bg5 Bb7 6.Nd2 h6 7.Bh4 c5 8.a3 Bxc3
9.bxc3 d6 10.f3 Nc6 11.Nb3 g5 12.Bf2 Qe7 13.a4 a5 14.Rb1 O-O-O 15.e4 Nb8
16.Bd3 h5 17.O-O h4 18.d5 g4 19.fxg4 h3 20.Bg3 hxg2 21.Rf2 e5 22.Rfb2 Rdg8
23.Nxa5 bxa5 24.Qf3 Nxg4 25.Rxb7 Qxb7 26.Qf5+ Kc7 27.Qxf7+  1-0

[Event "7th St Quentin Open"]
[Site "Elancourt FRA"]
[Date "2004.04.24"]
[Round "8"]
[White "Malakhatko,V"]
[Black "Istratescu,A"]
[Result "0-1"]
[WhiteElo "2540"]
[BlackElo "2587"]

1.d4 Nf6 2.c4 e6 3.Nf3 b6 4.Nc3 Bb4 5.Bg5 Bb7 6.Nd2 c5 7.a3 cxd4 8.axb4 dxc3
9.bxc3 d5 10.e3 Nc6 11.Bh4 O-O 12.cxd5 Qxd5 13.Nc4 Ne4 14.Qc2 b5 15.Nd2 Nxd2
16.Qxd2 Qe4 17.Bg3 Rfd8 18.f3 Qg6 19.Qb2 h5 20.Bh4 f6 21.Qb1 Qh6 22.Bf2 Ne5
23.h4 a6 24.Be2 f5 25.O-O Qg6 26.Be1 Rac8 27.Qc2 Qf6 28.Rd1 Rxd1 29.Qxd1 Rd8
30.Qa1 Nd3 31.Bxd3 Rxd3 32.Bg3 Rxe3 33.Re1 Rd3 34.Qc1 Qg6 35.Qf4 Kh7 36.Kh2 Rxc3
37.Qe5 Rc2 38.Re2 Rxe2 39.Qxe2 Qf6 40.Qe5 Kg6 41.Qxf6+ Kxf6 42.Bc7 e5 43.f4 e4
44.Kg3 Ke6 45.Kf2 Kd5 46.Ke3 Kc4 47.Ba5 Kc3 48.g3 g6 49.Ke2 Bd5 50.Ke1 Bc4
51.Kd1 e3 52.Ke1 Kd3 53.Bb6 Ke4 54.Bc5 Kf3 55.Be7 Kxg3 56.Bg5 Bd3  0-1

[Event "It"]
[Site "Zalaegerszeg HUN"]
[Date "2004.04.27"]
[Round "4"]
[White "Berkes,F"]
[Black "Balogh,C"]
[Result "1/2-1/2"]
[WhiteElo "2613"]
[BlackElo "2468"]

1.d4 Nf6 2.c4 e6 3.Nf3 b6 4.Nc3 Bb4 5.Bg5 Bb7 6.Qc2 h6 7.Bh4 c5 8.dxc5 bxc5
9.O-O-O O-O 10.Nb5 Be4 11.Bxf6 Bxc2 12.Bxd8 Bxd1 13.Be7 Ba4 14.Nc7 Rc8 15.Nxa8 Na6
16.e4 Rxa8 17.e5 Ba5 18.Be2 Bc7 19.b3 Bc6 20.Bh4 Nb4 21.a3 Na6 22.Bg3 Rb8
23.Kc2 Kf8 24.h4 Rb6 25.Kc3 Ke7 26.Bf4 Rb7 27.Rd1 Ba5+ 28.Kc2 Bc7 29.g3 Nb8
30.Be3 Na6 31.Bf4 Nb8 32.Ne1 a5 33.Kc3 Na6 34.Bf3 a4 35.Bxc6 Rxb3+ 36.Kc2 dxc6
37.Rd3 Rb7 38.Re3 Nb8 39.Nd3 Nd7 40.Nb2 Ra7 41.Nd3 Rb7 42.Nb2 Ra7 43.Nd3  1/2-1/2

[Event "FSGM May"]
[Site "Budapest HUN"]
[Date "2004.05.02"]
[Round "2"]
[White "Jakobsen,O"]
[Black "Papp,Ga"]
[Result "0-1"]
[WhiteElo "2391"]
[BlackElo "2434"]

1.d4 Nf6 2.c4 e6 3.Nf3 b6 4.Nc3 Bb7 5.a3 d5 6.Bg5 Be7 7.Bxf6 Bxf6 8.cxd5 exd5
9.g3 O-O 10.Bg2 c5 11.O-O Nc6 12.dxc5 Bxc3 13.bxc3 bxc5 14.Rb1 Na5 15.Ne5 Qc7
16.Nd3 Rad8 17.Rb5 Bc6 18.Rb1 Nb7 19.Qc1 Rfe8 20.e3 Nd6 21.Re1 Ba8 22.Rd1 Ne4
23.f3 Nd6 24.Re1 Re7 25.Nf4 Rde8 26.Rd1 Nc4 27.Nxd5 Bxd5 28.Rxd5 Nxe3 29.Rd2 c4
30.Qb2 h5 31.Re1 h4 32.gxh4 Nxg2 33.Rxe7 Qxe7 34.Kxg2 Qxh4 35.Re2 Qg5+ 36.Kf2 Rd8
37.Qb4 Rd1 38.Qb8+ Kh7 39.Re1 Rxe1 40.Kxe1 Qe3+ 41.Kf1 Qxf3+ 42.Kg1 Qe3+
43.Kg2 Qxc3 44.Qxa7 Qc2+ 45.Kf3 Qf5+ 46.Ke3 Qd3+ 47.Kf2 Qd2+ 48.Kf3 Qd5+
49.Ke2 Qd3+ 50.Kf2 Qd2+ 51.Kf3 f5 52.Qf7 Qd3+ 53.Kf2 Qd4+ 54.Kf1 Qf4+ 55.Ke1 Qe4+
56.Kd2 Qd3+ 57.Ke1 Qc3+ 58.Kf1 Qf3+ 59.Ke1 c3 60.Qc4 Qh1+ 61.Ke2 Qxh2+  0-1

[Event "FSGM May"]
[Site "Budapest HUN"]
[Date "2004.05.05"]
[Round "5"]
[White "Jakobsen,O"]
[Black "Volke,K"]
[Result "1/2-1/2"]
[WhiteElo "2391"]
[BlackElo "2458"]

1.d4 Nf6 2.c4 e6 3.Nf3 b6 4.Nc3 Bb4 5.Qb3 c5 6.Bg5 Bb7 7.e3 O-O 8.Rd1 Nc6
9.dxc5 bxc5 10.Bd3 Rb8 11.O-O Ne7 12.Bf4 Bxf3 13.gxf3 Rb6 14.Na4 Rc6 15.a3 Ba5
16.Qc2 Ng6 17.Bxg6 fxg6 18.Bd6 Rf7 19.f4 Bc7 20.Bxc7 Qxc7 21.f3 e5 22.fxe5 Qxe5
23.Qd2 Qg5+ 24.Kh1 Qh4 25.Qe2 g5 26.Nc3 Re6 27.Nd5 d6 28.Rg1 h6 29.Nxf6+ Rexf6
30.Rg3 Qh5 31.Kg2 Re7 32.Rd3 Qf7 33.b3 Qe6 34.e4 Qe5 35.Qd2 Rb7 36.b4 cxb4
37.axb4 Qf4 38.b5 Rc7 39.Qc3 Qe5 40.Qd4 Rc5 41.Kh1 Qe6 42.Rc3 Qf7 43.Kg2 Kh8
44.Qd3 Qe6 45.Qd4 Rf7 46.Kh1 Rf6 47.Rg1 Qf7 48.Qd3 Rc8 49.Qe2 Rf8 50.Rg3 Rf4
51.Ra3 Rc8 52.Ra4 Rc7 53.Qd3 Qf6 54.Ra2 Qe6 55.Ra4  1/2-1/2

[Event "FSGM May"]
[Site "Budapest HUN"]
[Date "2004.05.09"]
[Round "9"]
[White "Jakobsen,O"]
[Black "Chernyshov,K"]
[Result "0-1"]
[WhiteElo "2391"]
[BlackElo "2556"]

1.d4 e6 2.Nf3 Nf6 3.c4 b6 4.Nc3 Bb7 5.a3 Ne4 6.Nxe4 Bxe4 7.Ng5 Bg6 8.g3 Be7
9.Nh3 c6 10.Nf4 d5 11.cxd5 cxd5 12.Qa4+ Qd7 13.Qxd7+ Kxd7 14.Nxg6 hxg6 15.e3 Nc6
16.Bd2 a6 17.Be2 g5 18.Rc1 f5 19.Kf1 b5 20.Kg2 Bd6 21.f3 Rab8 22.f4 gxf4
23.gxf4 b4 24.a4 Rb6 25.b3 Na5 26.Bd1 Be7 27.Rg1 Rbb8 28.Kh1 Rh7 29.Rg2 Rbh8
30.Be1 g6 31.Be2 Ra8 32.Bd1 Rh6 33.Bf2 Rb8 34.Be1 Bd6 35.Bf2 Ke7 36.Bg1 Kf6
37.Bf2 Kf7 38.Bg1 Rbh8 39.Rgc2 Kf6 40.Rg2 Ke7 41.Rg3 Kf6 42.Rg2 R6h7 43.Bf2 Rh3
44.Bg1 Rg8 45.Rg5 Rh6 46.Kg2 Rhh8 47.Kf1 Rc8 48.Rb1 Be7 49.Rg2 Rc3 50.Rgb2 Nb7
51.Rc2 Nd6 52.Rxc3 bxc3 53.Bc2 Ne4 54.Ke2 Nd2 55.Rd1 a5 56.Kd3 Bb4 57.Ke2 Rh7
58.Ra1 g5 59.fxg5+ Kxg5 60.Kf2 Kf6 61.Kg2 Bd6 62.Rd1 Rg7+ 63.Kf2 Rg8 64.Re1 Rh8
65.Rc1 Bxh2 66.Bd3 Bxg1+ 67.Kxg1 Rh3 68.Rxc3 Rxe3 69.Kf2 f4  0-1

[Event "9th Ivan Cvitanovic Mem"]
[Site "Split CRO"]
[Date "2004.05.09"]
[Round "9"]
[White "Zaja,I"]
[Black "Saric,A"]
[Result "1-0"]
[WhiteElo "2439"]
[BlackElo "2393"]

1.d4 Nf6 2.c4 e6 3.Nf3 b6 4.Nc3 Bb4 5.Bg5 h6 6.Bh4 Bxc3+ 7.bxc3 d6 8.Nd2 Bb7
9.f3 Nbd7 10.e4 Qe7 11.Bd3 g5 12.Bf2 O-O-O 13.Rb1 Nh5 14.g3 f5 15.Qe2 fxe4
16.Bxe4 Nhf6 17.Bxb7+ Kxb7 18.a4 Rhe8 19.O-O e5 20.Rfe1 Qh7 21.d5 e4 22.fxe4 Ne5
23.c5 dxc5 24.Bxc5 g4 25.Qf1 Nf3+ 26.Nxf3 gxf3 27.Qxf3 Nxe4 28.Be3 Rxd5 29.c4 Rd3
30.a5 Kc8 31.axb6 axb6 32.Qg4+ Kb7 33.c5 Nc3 34.cxb6 Nxb1 35.bxc7 Rb3 36.Qa4 Rexe3
37.Rxe3 Rb6 38.c8=Q+ Kxc8 39.Qe8+ Kb7 40.Re7+ Qxe7 41.Qxe7+ Ka6 42.Qe2+ Kb7
43.Qe4+ Kc7 44.g4 Nd2 45.Qc2+  1-0

[Event "FSGM May"]
[Site "Budapest HUN"]
[Date "2004.05.10"]
[Round "10"]
[White "Paschall,W"]
[Black "Papp,Ga"]
[Result "1-0"]
[WhiteElo "2381"]
[BlackElo "2434"]

1.Nf3 Nf6 2.c4 e6 3.d4 b6 4.Nc3 Bb7 5.a3 d5 6.cxd5 Nxd5 7.Qc2 Be7 8.e4 Nxc3
9.bxc3 O-O 10.Bd3 c5 11.O-O Qc8 12.Qe2 Ba6 13.Rd1 cxd4 14.cxd4 Bxd3 15.Rxd3 Nd7
16.Bb2 Qa6 17.Kf1 Rac8 18.Rc3 Qxe2+ 19.Kxe2 Rxc3 20.Bxc3 f5 21.e5 Rc8 22.Bb4 Kf7
23.Kd3 Nb8 24.Bxe7 Kxe7 25.Nd2 Na6 26.Nc4 Nc7 27.Nd6 Rb8 28.Rc1 Kd7 29.g3 b5
30.Rc5 g6 31.h4 a6 32.Nf7 Nd5 33.Ng5 h6 34.Nf7 h5 35.Ng5 b4 36.axb4 Rxb4
37.Ra5 Rb3+ 38.Kc2 Rb6 39.Nh3 Rc6+ 40.Kd2 Kc7 41.Nf4 Nxf4 42.gxf4 Kb6 43.Ra1 Rc8
44.Kd3 Ra8 45.d5 exd5 46.Kd4 Kc6 47.Ra5 Ra7 48.Rc5+ Kd7 49.Rxd5+ Ke7 50.Ra5 Ra8
51.Kc4 Ke6 52.Rc5 a5 53.Rc6+ Kf7 54.Rc7+ Kf8 55.Kb5 a4 56.Rc2 a3 57.Ra2 Rb8+
58.Kc4 Rb2 59.Rxa3 Rxf2 60.Kd5 Rxf4 61.Ke6 Kg7 62.Ra7+ Kh6 63.Kf6 Rxh4 64.Ra8 Kh7
65.e6 Re4 66.e7 Rxe7 67.Kxe7 Kg7 68.Ke6 h4 69.Ke5 h3 70.Ra3 Kh6 71.Rxh3+ Kg5
72.Rg3+  1-0

[Event "FSGM May"]
[Site "Budapest HUN"]
[Date "2004.05.10"]
[Round "10"]
[White "Chernyshov,K"]
[Black "Volke,K"]
[Result "1/2-1/2"]
[WhiteElo "2556"]
[BlackElo "2458"]

1.d4 Nf6 2.c4 e6 3.Nf3 b6 4.Nc3 Bb4 5.Qc2 Bb7 6.g3 Be4 7.Qd1 Bxc3+ 8.bxc3 Nc6
9.Bg2 Na5 10.Qa4 O-O 11.O-O d6 12.Nd2 Bxg2 13.Kxg2 Qe8 14.Qxe8 Rfxe8 15.e4 c5
16.Ba3 Rac8 17.Rac1 Rc7 18.f3 Nd7 19.Kf2 f5 20.Ke2 fxe4 21.fxe4 e5 22.Kd3 Rf8
23.Rxf8+ Nxf8 24.Rf1 Ne6 25.d5 Nd8 26.Bc1 Rf7 27.Rxf7 Nxf7 28.Nf3 g6 29.Bg5 Kg7
30.g4 Nb7 31.Be7 Nh6 32.h3 Ng8 33.Bh4 h6 34.g5 hxg5 35.Nxg5 Nf6 36.Ne6+ Kf7
37.Bg5 Nh7 38.Bh4 Ke8 39.Bg5 Nxg5 40.Nxg5 Nd8 41.h4 Ke7 42.Ke3 Kf6 43.Nh3 Nf7
44.Kf3 Nd8 45.Nf2 Nf7 46.Ng4+ Ke7 47.Kg3 Nd8 48.Ne3 Nf7 49.Kg4 Kf6 50.Kf3 Ke7
51.Nf1 Kf6 52.Ng3 Nh6 53.Nf1 Ke7 54.Ne3 Nf7 55.Nc2 Nh6 56.Na3 a6 57.Nc2 Ng8
58.a4 Nf6 59.Ne1  1/2-1/2

[Event "3rd ACP Blitz Prelim2"]
[Site "playchess.com INT"]
[Date "2004.06.01"]
[Round "19"]
[White "Avrukh,B"]
[Black "Shomoev,A"]
[Result "0-1"]
[WhiteElo "2620"]
[BlackElo "2487"]

1.d4 Nf6 2.c4 e6 3.Nf3 b6 4.Nc3 Bb7 5.a3 d5 6.Qc2 c5 7.cxd5 Nxd5 8.e4 Nxc3
9.bxc3 Nc6 10.Bb2 cxd4 11.cxd4 Rc8 12.Qa4 Be7 13.Bd3 O-O 14.O-O a6 15.Rac1 b5
16.Qd1 Bf6 17.Bb1 Na5 18.Qd3 g6 19.Rxc8 Qxc8 20.Rc1 Nc4 21.Ba1 Rd8 22.Nd2 Bxd4
23.Bxd4 e5 24.Nf3 exd4 25.Ba2 Qg4 26.Bxc4 bxc4 27.Qxc4 Qxe4 28.Re1 Qd5 29.Qxd5 Rxd5
30.Re7 Bc6 31.Kf1 d3 32.Ke1 Rc5 33.Kd2 Bxf3 34.gxf3 Rc2+ 35.Kxd3 Rxf2 36.Ke3 Ra2
37.Kf4 Rxa3 38.Ra7 Kg7 39.Kg4 Kf6 40.h4 Ra4+ 41.Kg3 Ke6 42.Ra8 h5 43.Ra7 f6
44.Rg7 Kf5 45.Rc7 Ra3 46.Rc5+ Ke6 47.Rc6+ Ke5 48.Rc5+ Kd6 49.Rc8 g5 50.hxg5 fxg5
51.Kg2 g4 52.f4 Kd5 53.Rh8 Ke4 54.Rxh5 Kxf4 55.Rc5 Ra2+ 56.Kg1 a5 57.Rc4+ Kg3
58.Rc3+ Kh4 59.Rd3 a4 60.Rc3 a3 61.Rd3 Kg5 62.Rc3 Kf4 63.Rb3 Ke4 64.Rg3 Kf4
65.Rb3 g3 66.Rb4+ Ke5 67.Rb3 g2 68.Rc3 Kd4 69.Rg3 Kc4 70.Rf3 Kb4 71.Rf4+ Kb3
72.Rf3+ Kc2 73.Rf2+ Kb1 74.Rf3 Ra1 75.Kxg2 Kb2 76.Rf2+ Kb3 77.Rf3+ Kc4 78.Rf4+ Kd5
79.Rf3 Ke4 80.Rb3 Kd4 81.Rh3 Kc4 82.Rf3 Kb4 83.Rf4+ Kb3 84.Rf3+ Kc2 85.Rf2+ Kd3
86.Rf3+ Ke4 87.Rb3 Ke5 88.Rc3 Kd5 89.Rb3 Kd4 90.Rh3 Kc4 91.Rg3 Ra2+ 92.Kg1 Kb4
93.Rg4+ Kb3 94.Rg3+ Kb2 95.Rg2+ Kb1 96.Rg3 Ra1 97.Kg2 a2 98.Rb3+ Kc2 99.Ra3 Kb2
100.Ra7 Rc1 101.Rb7+ Kc2 102.Rc7+ Kb1 103.Rb7+ Ka1 104.Kf2 Rc2+ 105.Ke3 Rb2
106.Rh7 Kb1 107.Rh1+ Kc2 108.Ra1 Kb3 109.Kd3 Rb1  0-1

[Event "XII Guillermo Garcia Prem I"]
[Site "Santa Clara CUB"]
[Date "2004.06.03"]
[Round "13"]
[White "Arencibia,W"]
[Black "Borges Mateos,J"]
[Result "1/2-1/2"]
[WhiteElo "2505"]
[BlackElo "2426"]

1.c4 e6 2.Nf3 Nf6 3.Nc3 b6 4.d4 Bb7 5.a3 d5 6.e3 Be7 7.Bd3 O-O 8.b3 c5 9.O-O Nbd7
10.Bb2 Ne4  1/2-1/2

[Event "FSGM June"]
[Site "Budapest HUN"]
[Date "2004.06.06"]
[Round "2"]
[White "Farago,I"]
[Black "Fogarasi,T"]
[Result "1/2-1/2"]
[WhiteElo "2507"]
[BlackElo "2465"]

1.d4 Nf6 2.c4 e6 3.Nf3 b6 4.Nc3 Bb7 5.a3 d5 6.cxd5 Nxd5 7.Qc2 Nxc3 8.bxc3 Be7
9.e4 O-O 10.Bd3 c5 11.O-O Qc7 12.Qe2 Nd7 13.Bb2 Rac8 14.Nd2 Rfd8 15.Rfd1 Nf6
16.a4 cxd4 17.cxd4 Bb4 18.Nf3 Qe7 19.h3 h6 20.Qe3 a5 21.Rac1 Ne8 22.Ne5 Nf6
23.Nf3 Ne8 24.Ne5 Nf6  1/2-1/2

[Event "II Gyorgy Marx Mem IM"]
[Site "Paks HUN"]
[Date "2004.06.08"]
[Round "4"]
[White "Krutti,V"]
[Black "Fodor,T jr"]
[Result "1-0"]
[WhiteElo "2377"]
[BlackElo "2183"]

1.Nf3 Nf6 2.c4 e6 3.d4 b6 4.Nc3 Bb4 5.Bg5 h6 6.Bh4 g5 7.Bg3 Ne4 8.Qc2 Bb7
9.e3 h5 10.Bd3 d5 11.cxd5 exd5 12.Qa4+ Nc6 13.Bb5 Bxc3+ 14.bxc3 Rh6 15.Ne5 a6
16.Nxc6 Qd7 17.Ne5 Qxb5 18.Qxb5+ axb5 19.h4 g4 20.Bf4 Re6 21.f3 gxf3 22.gxf3 Nxc3
23.Rg1 c5 24.Kd2 Na4 25.Rg8+ Ke7 26.Rg7 Rf8 27.Rag1 Ke8 28.Rh7 cxd4 29.exd4 Nb2
30.Bh6 Nc4+ 31.Nxc4 dxc4 32.Bxf8 Kxf8 33.Rxh5 b4 34.Re5 Rd6 35.Ke3 f6 36.Rb5 Re6+
37.Kf4 c3 38.Rxb4 Bd5 39.Rc1 Rc6 40.Ke3 Bf7 41.a3 Kg7 42.d5 Bxd5 43.Kd4 Bxf3
44.Rxc3 Rd6+ 45.Ke3  1-0

[Event "5th Open"]
[Site "Marseille FRA"]
[Date "2004.06.30"]
[Round "7"]
[White "Malakhatko,V"]
[Black "Cosma,I"]
[Result "1/2-1/2"]
[WhiteElo "2540"]
[BlackElo "2456"]

1.d4 Nf6 2.c4 e6 3.Nf3 b6 4.Nc3 Bb7 5.a3 d5 6.cxd5 Nxd5 7.e3 Be7 8.Bb5+ c6
9.Bd3 O-O 10.e4 Nxc3 11.bxc3 c5 12.O-O cxd4 13.cxd4 Ba6 14.Bxa6 Nxa6 15.Qe2 Qc8
16.Bf4 Qb7 17.Rfd1 Rfd8 18.h4 Rac8 19.h5 h6 20.Rd3 Nc7 21.Ne5 Ne8 22.Re1 Bf6
23.Qf3 Bxe5 24.Bxe5 f6 25.Bf4 Qf7 26.Rc1 Rxc1+ 27.Bxc1 f5 28.exf5 Qxf5 29.Qe2 Rc8
30.Bb2 Nf6 31.d5 exd5 32.Bxf6 Qxf6 33.Rxd5 Rc1+  1/2-1/2

[Event "ch-NOR"]
[Site "Molde NOR"]
[Date "2004.07.04"]
[Round "2"]
[White "Tallaksen,G"]
[Black "Agdestein,S"]
[Result "0-1"]
[WhiteElo "2360"]
[BlackElo "2595"]

1.c4 Nf6 2.d4 e6 3.Nf3 b6 4.Nc3 Bb4 5.Bg5 Bb7 6.e3 h6 7.Bh4 Bxc3+ 8.bxc3 d6
9.Nd2 Nbd7 10.f3 Qe7 11.e4 g5 12.Bf2 Nh5 13.Qa4 Kf8 14.O-O-O a6 15.Qc2 c5
16.h4 cxd4 17.cxd4 Kg8 18.g3 d5 19.hxg5 hxg5 20.Kb1 Rc8 21.Qb3 dxc4 22.Bxc4 b5
23.Be2 Nb6 24.Ka1 Na4 25.Nb1 Ng7 26.Rxh8+ Kxh8 27.Be3 g4 28.Rh1+ Kg8 29.Rh4 f5
30.Bf4 gxf3 31.Bxf3 fxe4 32.Bd1 Nf5 33.Rg4+ Kf8 34.Rg5 Nxd4 35.Qe3 Nf5 36.Rxf5+ exf5
37.Qd4 Kg8 38.Bb3+ Kh7 39.Bd6 Rd8  0-1

[Event "TCh-GRE"]
[Site "Aghia Pelagia GRE"]
[Date "2004.07.07"]
[Round "4"]
[White "Gelashvili,T"]
[Black "Navara,D"]
[Result "1/2-1/2"]
[WhiteElo "2573"]
[BlackElo "2616"]

1.d4 Nf6 2.c4 e6 3.Nf3 b6 4.Nc3 Bb7 5.Bg5 h6 6.Bh4 Be7 7.Qc2 c5 8.dxc5 bxc5
9.e3 O-O 10.Be2 d5 11.Rd1 Nbd7 12.O-O Qb6 13.cxd5 exd5 14.Bg3 Rac8 15.Nh4 Rfd8
16.Bf3 Qe6 17.Nf5 Bf8 18.Nb5 Ne5 19.Bxe5 Qxe5 20.Nxa7 Ra8 21.Nb5 Rxa2 22.Nc3 Ra6
23.Rd2 Rb6 24.Rfd1 Rb8 25.b3 Bc8 26.Ng3 Rxb3 27.Nxd5 Rb2 28.Qc3 Qxc3 29.Nxc3 Be6
30.h3 Be7 31.Rxb2 Rxb2 32.Rb1 Rb4 33.Ra1 Bd6 34.Nce4 Be5 35.Rc1 c4 36.Nc5 Bxg3
37.fxg3 Nd7 38.Nxd7 Bxd7 39.Bd5 Be6 40.Bxe6 fxe6 41.Kf2 Kf7 42.Kf3 e5 43.Ke4 Ke6
44.g4 Ra4  1/2-1/2

[Event "Proclient Cup"]
[Site "Olomouc CZE"]
[Date "2004.07.07"]
[Round "5"]
[White "Mankeyev,Raua"]
[Black "Gavrilov,Al1"]
[Result "1-0"]
[WhiteElo "2258"]
[BlackElo "2441"]

1.d4 Nf6 2.c4 e6 3.Nf3 b6 4.Nc3 Bb7 5.Bg5 Be7 6.e3 h6 7.Bh4 Ne4 8.Bxe7 Qxe7
9.Qc2 Nxc3 10.Qxc3 O-O 11.Be2 d6 12.O-O Nd7 13.Rfd1 c5 14.b4 Nf6 15.dxc5 dxc5
16.a3 Rfd8 17.Ne5 Ne4 18.Qb2 Qg5 19.Bf3 Rxd1+ 20.Rxd1 Rd8 21.Rxd8+ Qxd8 22.bxc5 Nxc5
23.Qd4 Qc7 24.Bxb7 Nxb7 25.Qe4 Nd6 26.Qa8+ Kh7 27.h4 f6 28.Nc6 a5 29.Nd4 Qxc4
30.Qd8 Nf5 31.Qxb6 Nxd4 32.exd4 Qc1+ 33.Kh2 Qf4+ 34.Kg1 Qxh4 35.Qxe6 Qxd4
36.Qf5+ g6 37.Qxa5 h5 38.a4 Kh6 39.Qb5 Qd2 40.Qb1 Qa5 41.Qa1 Kg7 42.Qd4 g5
43.g3 Kf7 44.Qe4 g4 45.Kg2 f5 46.Qb7+ Ke6 47.Qc6+ Ke5 48.Qe8+ Kf6 49.Kg1 Qb4
50.Qd8+ Ke5 51.a5 Qb1+ 52.Kh2 Qa2 53.Qb6 h4 54.a6 hxg3+ 55.Kxg3 f4+ 56.Kxg4 Qg8+
57.Kh4 Qh7+ 58.Kg5 Qf5+ 59.Kh6 Qh3+ 60.Kg6  1-0

[Event "3rd Open"]
[Site "La Fere FRA"]
[Date "2004.07.08"]
[Round "8"]
[White "Colin,V"]
[Black "Rigolot,M"]
[Result "1-0"]
[WhiteElo "2389"]
[BlackElo "2157"]

1.c4 Nf6 2.Nc3 e6 3.Nf3 b6 4.d4 Bb7 5.e3 d5 6.Bd3 c5 7.O-O Nc6 8.cxd5 exd5
9.Qe2 Be7 10.dxc5 bxc5 11.Rd1 O-O 12.Bc4 Na5 13.b3 Nxc4 14.bxc4 Ba6 15.Nb5 Bxb5
16.cxb5 Ne4 17.Bb2 Bf6 18.a4 c4 19.Bd4 Bxd4 20.Rxd4 Nc5 21.Qd1 Nb3 22.Rxd5 Qxd5
23.Qxd5 Nxa1 24.Qxc4 Rac8 25.Qf1 Nb3 26.g3 Rc1 27.Ne1 Nd2 28.Qd3 Nf3+ 29.Kf1 Nxe1
30.Qd7 Nd3+ 31.Kg2 Ne1+ 32.Kh3 Ra8 33.g4 Rcc8 34.a5 Nc2 35.b6 axb6 36.axb6 Rab8
37.b7 Rd8 38.Qa4 Ne1 39.Kg3 Nd3 40.Qb5 f6 41.f4 Kf7 42.h4 Ke7 43.g5 Rd7 44.Qf5 Rbxb7
45.Qxh7 Ke6 46.Qe4+ Kf7 47.g6+ Kf8 48.h5 Rb5 49.Qa8+ Ke7 50.h6 Rb1 51.h7 Rg1+
52.Kh2 Rxg6 53.Qe4+ Ne5 54.h8=Q Rh6+ 55.Qxh6 gxh6 56.fxe5 fxe5 57.Qxe5+ Kf7
58.Qf5+ Ke7 59.Qh7+  1-0

[Event "Open"]
[Site "Olomouc CZE"]
[Date "2004.07.09"]
[Round "5"]
[White "Kuzmin,Ge"]
[Black "Shanava,K"]
[Result "0-1"]
[WhiteElo "2518"]
[BlackElo "2438"]

1.d4 Nf6 2.Nf3 e6 3.c4 b6 4.Nc3 Bb4 5.Bg5 Bb7 6.e3 Bxc3+ 7.bxc3 d6 8.Be2 Nbd7
9.O-O h6 10.Bh4 g5 11.Bg3 Ne4 12.Qc2 h5 13.Bd3 f5 14.h4 Rg8 15.d5 Ndc5 16.Bxe4 fxe4
17.Nxg5 Rxg5 18.hxg5 Qxg5 19.dxe6 O-O-O 20.Bf4 Qg6 21.e7 Rg8 22.g3 Nd3 23.Rfd1 h4
24.Kf1 hxg3 25.fxg3 Nxf4 26.exf4 Qxg3 27.e8=Q+ Rxe8 28.Qg2 Qxf4+ 29.Qf2 Qg4
30.Rd4 Qh3+ 31.Ke2 e3 32.Qg1 Qf3+ 33.Ke1 Rh8  0-1

[Event "TCh-GRE"]
[Site "Aghia Pelagia GRE"]
[Date "2004.07.10"]
[Round "8"]
[White "Gelashvili,T"]
[Black "Berkes,F"]
[Result "1-0"]
[WhiteElo "2573"]
[BlackElo "2614"]

1.d4 Nf6 2.c4 e6 3.Nf3 b6 4.Nc3 Bb7 5.Bg5 Bb4 6.Nd2 c5 7.d5 h6 8.Bh4 exd5
9.cxd5 g5 10.Bg3 Nxd5 11.Nxd5 Bxd5 12.a3 Ba5 13.e4 Bb7 14.Bc4 d5 15.exd5 O-O
16.O-O Bxd5 17.Bxd5 Qxd5 18.Nb3 Qxd1 19.Raxd1 Nc6 20.Rd6 c4 21.Nxa5 Nxa5
22.Rxh6 Kg7 23.Rd6 Rfe8 24.f4 g4 25.f5 Re4 26.Be1 Nb7 27.Bc3+ Kf8 28.Rh6 Ke7
29.Rd1 Rg8 30.Rc6  1-0